| 000 | 03437nam a2200337 a 4500 | ||
|---|---|---|---|
| 001 | ebr10657538 | ||
| 003 | CaPaEBR | ||
| 006 | m o u | ||
| 007 | cr cn||||||||| | ||
| 008 | 110520s2011 enka sb 001 0 eng d | ||
| 010 | _z 2011019568 | ||
| 020 | _z1848212372 | ||
| 020 | _z9781848212374 | ||
| 020 | _z9781118586464 (e-book) | ||
| 040 |
_aCaPaEBR _cCaPaEBR |
||
| 035 | _a(OCoLC)827944720 | ||
| 050 | 1 | 4 |
_aHD38.7 _b.C6593 2011eb |
| 082 | 0 | 4 |
_a658.4/72 _223 |
| 245 | 0 | 0 |
_aCompetitive intelligence and decision problems _h[electronic resource] / _cedited by Amos David. |
| 260 |
_aLondon : _bISTE ; _aHoboken, N.J. : _bJohn Wiley & Sons, _c2011. |
||
| 300 |
_axii, 348 p. : _bill. |
||
| 504 | _aIncludes bibliographical references and index. | ||
| 505 | 0 | _aModels and tools -- A model for transforming decision problem to information search problems / Philippe Kislin -- Proposal of tools for competitive intelligence dedicated analysis : from information collection to information treatment / Ilheme Ghalamallah, Eloise Loubier et Bernard Dousset -- The synergy of knowledge management and competitive intelligence / Bolanle OLADEJO et Adenike Osofisan -- Collaborative information retrieval in competitive intelligence process / Victor Odumuyiwa -- The study of risk factors for decision making in competitive intelligence : cognitive approach / Olufade F.W. Onifade, Odile Thiery et Gerald Duffing -- Multimedia information retrieval and access based on the process of competitive intelligence / Hanene MaghrebI -- Strategies for the analysis of chinese information sources within the framework of competitive intelligence / Nadege Guenec, Clement Paoli -- Tagging strategy based on the semio-contextual approach of corpus for the elaboration of controlled databases / Lise Verlaet -- Design and development of generating and exploiting annotation model in the context of economic intelligence / Olusoji Okunoye -- Contribution of cognitive sciences for document indexing for scientific, technical and competitive watch, for competitive intelligence / Elisabeth Paoli-Scarbonchi et Nadege Guenec -- Competitive intelligence and governance -- Integration of competitive intelligence and watch in an academic research laboratory / Jacky Kister et Henri Dou -- The junction of e-health with competitive intelligence (economic intelligence) and societal and territorial intelligence in france / Christian Bourret -- Short term governance and development of products within competitive poles : the example of commercial application fire -- henri dou -- Competitive intelligence and enterprise universities / Claudia Camelo, Miguel Rombert Trigo, Luc Quoniame, Joao Casqueira Cardoso -- Towards the emergence of new functions for supervising competitive intelligence (economic intelligence in regions) / Audrey Knauf -- Attractivity of territories and territorial intelligence : what indicators for what attractivity ? / Nathalie Fabry, Sylvain Zeghni. | |
| 533 |
_aElectronic reproduction. _bPalo Alto, Calif. : _cebrary, _d2015. _nAvailable via World Wide Web. _nAccess may be limited to ebrary affiliated libraries. |
||
| 650 | 0 | _aBusiness intelligence. | |
| 650 | 0 | _aDecision making. | |
| 655 | 7 |
_aElectronic books. _2local |
|
| 700 | 1 | _aDavid, Amos. | |
| 710 | 2 | _aebrary, Inc. | |
| 856 | 4 | 0 |
_uhttp://site.ebrary.com/lib/rucke/Doc?id=10657538 _zAn electronic book accessible through the World Wide Web; click to view |
| 999 |
_c76949 _d76949 |
||